Algunas rentas de Jorge Manrique / (Record no. 32392)

MARC details
000 -LEADER
campo de control de longitud fija 00659nam a2200205 i 4500
001 - NÚMERO DE CONTROL
campo de control 32392
003 - IDENTIFICADOR DE NÚMERO DE CONTROL
campo de control ES-MaACL
005 - FECHA Y HORA DE LA ÚLTIMA TRANSACCIÓN
campo de control 20250828000901.0
007 - CAMPO FIJO DE DESCRIPCIÓN FÍSICA--INFORMACIÓN GENERAL
campo de control de longitud fija t|
008 - DATOS DE LONGITUD FIJA--INFORMACIÓN GENERAL
campo de control de longitud fija 030131s1965 sp ||||1| spa d
100 1# - ENTRADA PRINCIPAL--NOMBRE DE PERSONA
Nombre de persona Benito Ruano, Eloy.
9 (RLIN) 27689
245 10 - MENCIÓN DEL TÍTULO
Título Algunas rentas de Jorge Manrique /
Mención de responsabilidad, etc. Eloy Benito Ruano.
260 ## - PUBLICACIÓN, DISTRIBUCIÓN, ETC.
Lugar de publicación, distribución, etc. Madrid :
Nombre del editor, distribuidor, etc. Instituto Jerónimo Zurita,
Fecha de publicación, distribución, etc. 1965.
300 ## - DESCRIPCIÓN FÍSICA
Extensión 9 p. ;
Dimensiones 24 cm.
500 ## - NOTA GENERAL
Nota general Es separata de: Hispania, t. XXV, (1965), p. 113-119.
600 #0 - PUNTO DE ACCESO ADICIONAL DE MATERIA--NOMBRE DE PERSONA
Nombre de persona Manrique, Jorge,
Fechas asociadas al nombre 1440?-1479
9 (RLIN) 178074
710 2# - ENTRADA AGREGADA--NOMBRE DE ENTIDAD CORPORATIVA
Nombre de entidad corporativa o nombre de jurisdicción como elemento de entrada Instituto Jerónimo Zurita
9 (RLIN) 5106
852 ## - LOCALIZACIÓN
Ubicación ES-MaACL
Número de control de estantería 2053-F-29
Sublocalización o colección R.61522
Holdings
Estatus retirado Estado de pérdida Estado de daño No para préstamo Colección Biblioteca de origen Biblioteca actual Ubicación en estantería Fecha de adquisición Fuente de adquisición Total de préstamos Signatura topográfica completa Código de barras Visto por última vez Precio de reemplazo Tipo de ítem Koha
        Colección de folletos Biblioteca del Ateneo de Madrid Biblioteca del Ateneo de Madrid Depósito folletos 17/01/2008     2053-F-29 1033554 23/02/2023 23/02/2023 Folleto